Slovak journal of health sciences odborný a vedecký časopis v oblasti výskumu zdravia, zdravotného stavu a liečby chronických ochorení

Bibliographic Details
Other Authors: Kovářová, Mária, 1950- (Publishing director), Kollár, Branislav, 1973- (Publishing director)
Format: Journal
Language:Slovak
English
Czech
PhysicalDescription:zv. 25 cm
Published: Trnava Univerzita sv. Cyrila a Metoda v Trnave 2010-
ISSN:1338-161X
Subjects:

MARC

LEADER 00000cas a2200000 a 4500
001 vtls010209436
003 SK-MaSNL
005 20260228161200.0
008 110207c20109999xo fr|p 0 b0slo
022 |a 1338-161X 
040 |a SVKBB  |b slo  |c SVKBB  |d SNK  |e AACR2 
041 0 |a slo  |a eng  |a cze  |b eng  |b slo  |b cze 
044 |a xo  |c SK 
072 7 |a 613  |x Hygiena. Ľudské zdravie  |2 konspekt 
072 7 |a 614  |x Verejné zdravie a hygiena  |2 konspekt 
080 |a 613/614  |2 2011 
080 |a 614.2  |2 2011 
080 |a 614.1:616-01  |2 2011 
080 |a 616-036.1  |2 2011 
080 |a 050  |2 2001 
080 |a (051)-027.561  |2 2011 
210 0 |a Slovak j. health sci. 
222 0 |a Slovak journal of health sciences 
245 0 0 |a Slovak journal of health sciences  |b odborný a vedecký časopis v oblasti výskumu zdravia, zdravotného stavu a liečby chronických ochorení 
246 1 1 |a Slovak journal of health sciences  |b scientific journal in the area of health research, health state and chronic disease therapy 
246 3 3 |a SJHS 
260 |a Trnava  |b Univerzita sv. Cyrila a Metoda v Trnave  |c 2010- 
300 |a zv.  |c 25 cm 
310 |a 2x ročne 
362 0 |a Roč. 1, č. 1/2 (2010)- 
500 |a Šéfredaktor: 2010-2016, Mária Kovářová ; 2017- , Branislav Kollár 
500 |a Evidenčné číslo: EV 4045/2010 ; EV 4537/12 
500 |a Podnázov od r. 2014: časopis v oblasti výskumu zdravia, zdravotného stavu a liečby chronických ochorení 
504 |a Bibliogr. pozn. ; zozn. bibliogr. odkazov 
546 |a Text aj v angl., češ. ; res. angl., slov., čes. 
650 0 7 |a zdravie  |2 SNKPH  |9 16322 
650 0 7 |a zdravotníctvo  |2 SNKPH  |9 1269 
650 0 7 |a zdravotný stav obyvateľstva  |2 SNKPH  |9 4954 
650 0 7 |a chronické choroby  |2 SNKPH  |9 84667 
655 7 |a odborné časopisy  |2 SNKPH  |9 70505 
700 1 |a Kovářová, Mária,  |d 1950-  |4 pbd  |9 190349 
700 1 |a Kollár, Branislav,  |d 1973-  |4 pbd  |9 188020 
852 |a Štátna vedecká knižnica v Banskej Bystrici 
910 |a snk 
910 |a savuk 
916 |a 2010-2013, 2014-2018, 2019, 2020 
999 |c 4587  |d 6517 
952 |0 0  |1 0  |4 0  |7 0  |8 0  |a SNK  |b SNK  |d 2021-07-08  |f 1  |i snk2021/8335  |l 0  |o snkČSC 3573/11/2020  |p 17A1434961  |r 2026-02-21 19:29:27  |t č. 1-2  |w 2026-02-21  |y PREZ 
952 |0 0  |1 0  |4 0  |7 0  |8 0  |a SNK  |b SNK  |d 2022-10-21  |i snk2022/15968  |l 0  |o snkČSC 3573/9/2018 D1  |p 17A1464289  |r 2026-02-21 20:03:01  |t č. 1-2  |w 2026-02-21  |y PREZ 
952 |0 0  |1 0  |4 0  |7 0  |8 0  |a SNK  |b SNK  |d 2022-10-21  |i snk2022/15970  |l 0  |o snkČSC 3573/10/2019 D1  |p 17A1464290  |r 2026-02-21 20:03:01  |t č. 1-2  |w 2026-02-21  |y PREZ 
952 |0 0  |1 0  |4 0  |7 0  |8 0  |a SNK  |b SNK  |d 2022-10-21  |i snk2022/15971  |l 0  |o snkČSC 3573/11/2020 D1  |p 17A1464291  |r 2026-02-21 20:03:01  |t č. 1-2  |w 2026-02-21  |y PREZ 
952 |0 0  |1 0  |4 0  |7 0  |8 0  |a SNK  |b SNK  |d 2022-10-24  |f 1  |i snk2022/16094  |l 0  |o snkČSC 3573/12/2021  |p 17A1464177  |r 2026-02-21 20:03:02  |t č. 1-2  |w 2026-02-21  |y PREZ 
952 |0 0  |1 0  |4 0  |7 0  |8 0  |a SNK  |b SNK  |d 2015-06-03  |f 1  |i snk2015/17462  |l 0  |o snkČSC 3573/1/2010  |p 17A1047832  |r 2026-02-21 21:34:28  |t č. 1-2  |w 2026-02-21  |y PREZ 
952 |0 0  |1 0  |4 0  |7 0  |8 0  |a SNK  |b SNK  |d 2015-06-03  |i snk2015/17464  |l 0  |o snkČSC 3573/1/2010 D1  |p 17A1047833  |r 2026-02-21 21:34:39  |t č. 1-2  |w 2026-02-21  |y PREZ 
952 |0 0  |1 0  |4 0  |7 0  |8 0  |a SNK  |b SNK  |d 2015-06-03  |f 1  |i snk2015/17469  |l 0  |o snkČSC 3573/2/2011  |p 17A1047834  |r 2026-02-21 21:34:39  |t č. 1  |w 2026-02-21  |y PREZ 
952 |0 0  |1 0  |4 0  |7 0  |8 0  |a SNK  |b SNK  |d 2015-06-03  |f 1  |i snk2015/17472  |l 0  |o snkČSC 3573/3/2012  |p 17A1047835  |r 2026-02-21 21:34:39  |t č. 1-2  |w 2026-02-21  |y PREZ 
952 |0 0  |1 0  |4 0  |7 0  |8 0  |a SNK  |b SNK  |d 2015-06-03  |i snk2015/17476  |l 0  |o snkČSC 3573/3/2012 D1  |p 17A1047836  |r 2026-02-21 21:34:39  |t č. 1-2  |w 2026-02-21  |y PREZ 
952 |0 0  |1 0  |4 0  |7 0  |8 0  |a SNK  |b SNK  |d 2015-06-03  |f 1  |i snk2015/17477  |l 0  |o snkČSC 3573/4/2013  |p 17A1047837  |r 2026-02-21 21:34:39  |t č. 1-2  |w 2026-02-21  |y PREZ 
952 |0 0  |1 0  |4 0  |7 0  |8 0  |a SNK  |b SNK  |d 2015-06-03  |i snk2015/17480  |l 0  |o snkČSC 3573/4/2013 D1  |p 17A1047838  |r 2026-02-21 21:34:40  |t č. 1-2  |w 2026-02-21  |y PREZ 
952 |0 0  |1 0  |4 0  |7 0  |8 0  |a SNK  |b SNK  |d 2019-03-19  |i snk2019/7519  |l 0  |o snkČSC 3573/7/2016 D1  |p 17A1343891  |r 2026-02-21 21:51:34  |t č. 1-2  |w 2026-02-21  |y PREZ 
952 |0 0  |1 0  |4 0  |7 0  |8 0  |a SNK  |b SNK  |d 2017-03-14  |i snk2017/6811  |l 0  |o snkČSC 3573/2/2011 D1  |p 17A1205765  |r 2026-02-21 22:03:51  |t č. 1  |w 2026-02-21  |y PREZ 
952 |0 0  |1 0  |4 0  |7 0  |8 0  |a SNK  |b SNK  |d 2017-03-14  |f 1  |i snk2017/6813  |l 0  |o snkČSC 3573/5/2014  |p 17A1205766  |r 2026-02-21 22:03:51  |t č. 1-2  |w 2026-02-21  |y PREZ 
952 |0 0  |1 0  |4 0  |7 0  |8 0  |a SNK  |b SNK  |d 2017-03-14  |i snk2017/6815  |l 0  |o snkČSC 3573/5/2014 D1  |p 17A1205767  |r 2026-02-21 22:03:51  |t č. 1-2  |w 2026-02-21  |y PREZ 
952 |0 0  |1 0  |4 0  |7 0  |8 0  |a SNK  |b SNK  |d 2017-03-14  |f 1  |i snk2017/6818  |l 0  |o snkČSC 3573/6/2015  |p 17A1205768  |r 2026-02-21 22:03:51  |t č. 1-2  |w 2026-02-21  |y PREZ 
952 |0 0  |1 0  |4 0  |7 0  |8 0  |a SNK  |b SNK  |d 2017-03-20  |i snk2017/7110  |l 0  |o snkČSC 3573/6/2015 D1  |p 17A1205782  |r 2026-02-21 22:04:11  |t č. 1-2  |w 2026-02-21  |y PREZ 
952 |0 0  |1 0  |4 0  |7 0  |8 0  |a SNK  |b SNK  |d 2017-03-20  |f 1  |i snk2017/7114  |l 0  |o snkČSC 3573/7/2016  |p 17A1205783  |r 2026-02-21 22:04:11  |t č. 1-2  |w 2026-02-21  |y PREZ 
952 |0 0  |1 0  |4 0  |7 0  |8 0  |a SNK  |b SNK  |d 2020-10-19  |f 1  |i snk2020/18960  |l 0  |o snkČSC 3573/10/2019  |p 17A1432475  |r 2026-02-21 22:23:01  |t č. 1-2  |w 2026-02-21  |y PREZ 
952 |0 0  |1 0  |4 0  |7 0  |8 0  |a SNK  |b SNK  |d 2019-08-22  |f 1  |i snk2019/21294  |l 0  |o snkČSC 3573/8/2017  |p 17A1370496  |r 2026-02-21 22:29:10  |t č. 1-2  |w 2026-02-21  |y PREZ 
952 |0 0  |1 0  |4 0  |7 0  |8 0  |a SNK  |b SNK  |d 2019-08-22  |f 1  |i snk2019/21295  |l 0  |o snkČSC 3573/9/2018  |p 17A1370497  |r 2026-02-21 22:29:10  |t č. 1-2  |w 2026-02-21  |y PREZ 
952 |0 0  |1 0  |4 0  |7 0  |8 0  |a SNK  |b SNK  |d 2019-09-02  |i snk2019/21750  |l 0  |o snkČSC 3573/8/2017 D1  |p 17A1370545  |r 2026-02-21 22:29:22  |t č. 1-2  |w 2026-02-21  |y PREZ